Online Catalogue and eLibrary

Bertrand Russel saha samakalina darshanikaya (Record no. 689)

MARC details
000 -LEADER
fixed length control field 00465nam a2200169Ia 4500
005 - DATE AND TIME OF LATEST TRANSACTION
control field 20250626025444.0
008 - FIXED-LENGTH DATA ELEMENTS--GENERAL INFORMATION
fixed length control field 240331s9999 xx 000 0 und d
020 ## - INTERNATIONAL STANDARD BOOK NUMBER
ISBN 955530009
082 ## - DDC Classification
Class No. 100
Item Number - Author Mark KAL
100 ## - MAIN ENTRY--PERSONAL NAME
Personal name Kalansooriya, A.D.P
245 #0 - TITLE STATEMENT
Title Bertrand Russel saha samakalina darshanikaya
250 ## - EDITION STATEMENT
Edition statement 2nd
260 ## - PUBLICATION, DISTRIBUTION, ETC.
Place of publication, distribution, etc. Warakapola
Name of publisher, distributor, etc. Arya Publishers
Date of publication, distribution, etc. 1987
300 ## - PHYSICAL DESCRIPTION
Extent (e.g. Volumes, Pages etc.) 224 p .,
500 ## - GENERAL NOTE
General note A book of Bertrand Russell and Contemporary Philosophy
942 ## - Koha item type (Biblio)
Koha item type Books in Stacks (Lending)
Holdings
Lost status Damaged status Collection code Home library Current library Shelving location Date acquired Full call number Accession Number Item type
    Lending WERC Library WERC Library Social Science Cupboard 03/31/2024 100 KAL 913 Books in Stacks (Lending)

© WERC Library